Statistics for Wars Involving China

Click here to take the quiz!

General Stats

  • This quiz has been taken 65 times
  • The average score is 18 of 31

Answer Stats

YearChinese GovernmentOpponentsResultAnswer% Correct
1917-1918Republic of ChinaGermany
Austria-Hungary
Ottoman Empire
Bulgaria
VictoryWorld War One
98%
1941-1945Republic of ChinaJapan
Germany
Italy
Romania
Bulgaria
Hungary
Siam
Finland
Manchuria
Mengjiang
VictoryWorld War Two
94%
1950-1953People's Republic of ChinaSouth Korea
United Nations Command
CompromiseKorean War
92%
1911-1912Republic of ChinaQing ChinaVictoryXinhai Revolution
91%
1960-1961TaiwanPeople's Republic of China
Burma
DefeatChina-Burma Border Campaign
89%
1931-1932Republic of ChinaJapanDefeatInvasion of Manchuria
89%
1917Republic of ChinaQing ChinaVictoryManchu Restoration
89%
1915-1916Republic of ChinaEmpire of ChinaVictoryNational Protection War
89%
1926-1928Republic of ChinaNationalist China
Chinese Communists
DefeatNorthern Expedition
89%
1974People's Republic of ChinaSouth VietnamVictoryBattle of Parcel Islands
87%
1965-1973TaiwanNorth Vietnam
Viet Cong
Cambodia
Laos
People's Republic of China
USSR
DefeatVietnam War
87%
1937-1945Republic of ChinaJapanVictory2nd Sino-Japanese War
85%
1927-1937
1945-1950
Republic of ChinaCommunist ChinaDefeatChinese Civil War
74%
1919-1921Republic of ChinaMongolia
White Russia
DefeatOccupation of Mongolia
60%
1918-1920Republic of ChinaRussian SFSR
Far Eastern Republic
Latvian SSR
Ukrainian SSR
Estonia Commune
Communist Mongolia
DefeatRussian Civil War
57%
1950People's Republic of ChinaTibetVictoryBattle of Chamdo
53%
1934Republic of ChinaUSSRCompromiseInvasion of Xinjiang
53%
1967People's Republic of ChinaIndiaDefeatNathu La & Cho La Clashes
53%
1962People's Republic of ChinaIndiaVictorySino-Indian War
53%
1937Republic of ChinaXinjiang
USSR
DefeatIslamic Rebellion in Xinjiang
51%
1969People's Republic of ChinaUSSRStatus QuoSino-Soviet Border Conflict
51%
1979-1991People's Republic of ChinaVietnamCompromiseSino-Vietnamese Conflicts
51%
1979People's Republic of ChinaVietnamCompromiseSino-Vietnamese War
51%
2009-2016People's Republic of ChinaSomali PiratesVictoryOperation Ocean Shield
26%
1959People's Republic of ChinaTibetVictoryTibetan Uprising
26%
1960-PresentPeople's Republic of ChinaTurkestanOngoingXinjiang Conflict
15%
1965-1983TaiwanThai Communists
Laos
Cambodia
Malaya Communists
VictoryCommunist Insurgency in Thailand
13%
2012-PresentPeople's Republic of ChinaISISOngoingNorthern Mali Conflict
13%
1954-1955TaiwanPeople's Republic of ChinaCompromise1st Taiwan Straight Crisis
11%
1958TaiwanPeople's Republic of ChinaCompromise2nd Taiwan Straight Crisis
11%
1996TaiwanPeople's Republic of ChinaCompromise3rd Taiwan Straight Crisis
11%

Score Distribution

Percentile by Number Answered

Percent of People with Each Score

Your Score History

You have not taken this quiz